[Event "Chigorin Memorial"]
[Site "St Petersburg RUS"]
[Date "2012.11.03"]
[Round "8.164"]
[White "Hyotyla, Tapio"]
[Black "Grachev, Andrey"]
[Result "0-1"]
[WhiteElo "1795"]
[BlackElo "2040"]
[WhiteFideId "501026"]
[BlackFideId "24138290"]
[EventDate "2012.10.27"]

1. d4 Nf6 2. c4 g6 3. Nc3 Bg7 4. e4 d6 5. Bd3 O-O 6. Nge2 e5 7. d5 a5 8. O-O Na6
9. Bg5 h6 10. Be3 Ng4 11. Bc1 Nc5 12. Bc2 f5 13. h3 Nf6 14. exf5 gxf5 15. f4 e4
16. Ng3 Qe8 17. Qe2 Qg6 18. Qf2 Nfd7 19. Bd2 Bf6 20. Rab1 Bh4 21. Nce2 Rf7 22.
Bc3 Nf6 23. Qe3 Rg7 24. Kh2 b5 25. b3 bxc4 26. Bxf6 Bxf6 27. Rg1 cxb3 28. axb3
Ba6 29. Nh1 Bxe2 30. Qxe2 Bd4 31. Rgf1 Bc3 32. Rbc1 Kh8 33. g3 Rgg8 34. Rg1 Bd4
35. Rg2 Qf7 36. Rd1 Bf6 37. g4 fxg4 38. hxg4 Raf8 39. Ng3 Bd8 40. Nh5 Qe7 41.
Rb1 Qf7 42. Bxe4 Bf6 43. Nxf6 Qxf6 44. Bf5 Re8 45. Qb2 Qxb2 46. Rgxb2 Re3 47.
Kg2 Kg7 48. b4 axb4 49. Rxb4 Ra8 50. Rf1 Raa3 51. Rd4 Rg3+ 52. Kh2 Rge3 53. Kg2
Rac3 54. Kf2 Nb3 55. Rdd1 Rf3+ 56. Kg2 Rg3+ 57. Kh2 Rge3 58. Rde1 Rh3+ 59. Kg2
Rhg3+ 60. Kh2 Nd2 61. Re7+ Kf8 62. Rfe1 Nf3+ 63. Kxg3 Nxe1+ 64. Kf2 Kxe7 65.
Kxe1 Rf3 66. Ke2 Rxf4 67. Ke3 Ra4 68. Be4 Kf6 69. Bf3 Ke5 70. Kf2 Kf4 71. Bd1
Ra2+ 72. Kf1 Ke3 73. Bb3 Rb2 74. Bc4 Rb4 75. Ba6 Rxg4 76. Be2 Rf4+ 0-1

[Event "Chigorin Memorial"]
[Site "St Petersburg RUS"]
[Date "2012.11.03"]
[Round "8.165"]
[White "Yakovlev, Yuri S."]
[Black "Zhivotovskaya, Asya"]
[Result "1-0"]
[WhiteElo "1982"]
[BlackElo "1660"]
[WhiteFideId "4173929"]
[BlackFideId "24166014"]
[EventDate "2012.10.27"]

1. e4 c5 2. Nf3 d6 3. c4 Nf6 4. Nc3 e6 5. d4 cxd4 6. Nxd4 Be7 7. Be3 O-O 8. Be2
b6 9. O-O Bb7 10. f3 Nbd7 11. Ndb5 Nc5 12. b4 Na6 13. a3 Nc7 14. Qd2 a6 15. Nxc7
Qxc7 16. Rfd1 Rfd8 17. Qe1 Rac8 18. Qf2 Qb8 19. Bxb6 Re8 20. Bd4 d5 21. cxd5
exd5 22. exd5 Bd6 23. g3 Be5 24. Ne4 Nxd5 25. Bd3 Bxd4 26. Qxd4 Rcd8 27. Qf2 f5
28. Nc5 Rd6 29. Nxb7 Qxb7 30. Bc4 Kh8 31. Qc5 Red8 32. Rd4 R6d7 33. Rad1 Rc8 34.
Bxd5 1-0

[Event "Chigorin Memorial"]
[Site "St Petersburg RUS"]
[Date "2012.11.03"]
[Round "8.166"]
[White "Ayvazyan, Nikita"]
[Black "Panov, Konstantin"]
[Result "1-0"]
[WhiteElo "1973"]
[BlackElo "1607"]
[WhiteFideId "4177266"]
[BlackFideId "34115223"]
[EventDate "2012.10.27"]

1. e4 e6 2. d4 d5 3. Nc3 Nf6 4. Bg5 Bb4 5. exd5 Qxd5 6. Bxf6 Bxc3+ 7. bxc3 gxf6
8. Qd2 Bd7 9. Ne2 Bb5 10. Nf4 Qe4+ 11. Kd1 Bxf1 12. Rxf1 Nc6 13. Re1 Qf5 14. Kc1
O-O-O 15. Qe3 e5 16. dxe5 fxe5 17. Qh3 Qxh3 18. Nxh3 f6 19. Kb2 Rhg8 20. g3 Rg6
21. Ng1 Rg7 22. Rad1 Rgd7 23. Rxd7 Rxd7 24. Nf3 Na5 25. Re4 b5 26. Kc1 Nc4 27.
g4 Rg7 28. h3 Kd7 29. Nh4 Nd6 30. Re1 c6 31. Kd2 a5 32. Nf3 Nc4+ 33. Kc1 h6 34.
Nh4 Nd6 35. Rd1 Kc7 36. Rxd6 Rxg4 37. Rxc6+ Kxc6 38. hxg4 Kd5 39. f3 e4 40.
fxe4+ Kxe4 41. Nf5 Kf4 42. Nxh6 Kg5 43. Ng8 Kxg4 44. Nxf6+ Kf5 45. Nd5 Ke5 46.
Nc7 b4 47. cxb4 axb4 48. Kb2 Kd4 49. Kb3 Kc5 50. Na6+ Kb5 51. Nxb4 Kb6 52. Kc4
Ka5 53. Kd5 Kxb4 54. c4 Ka5 55. c5 Ka6 56. c6 Ka7 57. Kd6 1-0

[Event "Chigorin Memorial"]
[Site "St Petersburg RUS"]
[Date "2012.11.03"]
[Round "8.167"]
[White "Chistiakov, Mihail"]
[Black "Pankova, Julia"]
[Result "1-0"]
[WhiteElo "1884"]
[BlackElo "1528"]
[WhiteFideId "24161217"]
[BlackFideId "34103276"]
[EventDate "2012.10.27"]

1. e4 c5 2. Nf3 d6 3. d4 cxd4 4. Nxd4 Nf6 5. Nc3 Nc6 6. Bg5 e6 7. Qd2 a6 8.
O-O-O Bd7 9. f3 Be7 10. Bxf6 gxf6 11. f4 b5 12. f5 Ne5 13. fxe6 fxe6 14. Be2 Ng6
15. Bh5 Bf8 16. Kb1 Rg8 17. Nce2 Qc7 18. Qa5 Qd8 19. Qe1 Qc7 20. Nf4 Bh6 21. Nd3
Kf8 22. Rf1 Kg7 23. Bxg6 hxg6 24. Qg3 Kh7 25. h4 a5 26. h5 g5 27. Nf2 b4 28. Ng4
Raf8 29. Rd2 Rg7 30. Qd3 Rgf7 31. Rdf2 e5 32. Nf5 Bxf5 33. Rxf5 Kg7 34. Qb5 Qd8
35. Qd5 Qc7 36. Qe6 Re7 37. Qb3 Ref7 38. Rd1 Qd8 39. Qe6 Qd7 40. Qxd6 Rd8 41.
Qd3 Qxf5 42. exf5 Rxd3 43. Rxd3 Kh7 44. Rd6 Bf8 45. Rxf6 Rxf6 46. Nxf6+ Kh6 47.
g4 Bc5 48. c3 Kg7 49. Ne4 Be3 50. cxb4 axb4 51. Kc2 Bf4 52. Kb3 Be3 53. Kxb4 Bf4
54. a4 Be3 55. a5 Bf4 56. a6 Be3 57. Nc5 Bxc5+ 58. Kxc5 1-0

[Event "Chigorin Memorial"]
[Site "St Petersburg RUS"]
[Date "2012.11.03"]
[Round "8.169"]
[White "Petrochenko, Maria"]
[Black "Levdansky, Alexey"]
[Result "1/2-1/2"]
[WhiteElo "1716"]
[BlackElo "1700"]
[WhiteFideId "24161420"]
[BlackFideId "34107581"]
[EventDate "2012.10.27"]

1. c4 Nf6 2. Nc3 g6 3. d4 Bg7 4. g3 O-O 5. Bg2 c6 6. e4 d6 7. Nge2 Nbd7 8. O-O
Rb8 9. a4 a6 10. a5 c5 11. d5 Qc7 12. f4 e5 13. f5 b5 14. b3 bxc4 15. bxc4 Re8
16. Bh3 Nf8 17. Be3 Bd7 18. Qd2 Rb7 19. Bh6 Reb8 20. Bxg7 Kxg7 21. Qg5 h6 22.
Qd2 Rb2 23. Qd3 R8b3 24. Qd1 Rb4 25. Qd3 R4b3 26. Nc1 Rb8 27. Qf3 Qd8 28. Qe3
Rc2 29. Qd3 Rbb2 30. N1e2 Rd2 31. Qe3 Qb8 32. Qf3 Qd8 33. g4 N8h7 34. Bg2 Ng5
35. Qg3 Rb3 36. Qe1 Rbb2 37. h3 h5 38. h4 Nxg4 39. hxg5 Qxg5 40. Qg3 h4 41. Qf3
Rb3 42. Rac1 Ne3 43. Rf2 Rbb2 44. Kh1 Rd3 45. Kg1 Rbd2 46. Qh3 Nxf5 47. Rf3 Nd4
48. Rxf7+ Kxf7 49. Qxd7+ Kg8 50. Qe8+ Kg7 51. Qd7+ Kh6 52. Qe8 Nxe2+ 53. Nxe2
Rd1+ 54. Rxd1 Rxd1+ 55. Kh2 Qf6 56. Qc8 Qf2 57. Qh8+ Kg5 58. Qd8+ Kh6 59. Qh8+
Kg5 1/2-1/2

[Event "Chigorin Memorial"]
[Site "St Petersburg RUS"]
[Date "2012.11.03"]
[Round "8.170"]
[White "Stroganov, Anatoly"]
[Black "Biyachuev, Minkail"]
[Result "1-0"]
[WhiteElo "1808"]
[BlackElo "1574"]
[WhiteFideId "4178955"]
[BlackFideId "34120065"]
[EventDate "2012.10.27"]

1. d4 d5 2. Nf3 Nf6 3. c4 Bf5 4. Nc3 dxc4 5. e3 e6 6. Bxc4 Bd6 7. O-O Nbd7 8.
Re1 O-O 9. e4 Bg4 10. e5 Be7 11. exf6 Bxf6 12. Be3 c6 13. Be2 Be7 14. Qb3 b6 15.
Rad1 Qc7 16. h3 Bf5 17. Bd3 Bxd3 18. Rxd3 Nf6 19. Bg5 h6 20. Bxf6 Bxf6 21. Ne5
Rfe8 22. f4 Rad8 23. Ne2 Rd6 24. Red1 c5 25. Qc3 Rc8 26. dxc5 Rxd3 27. Rxd3 Bxe5
28. fxe5 Qxc5+ 29. Kh2 Kh7 30. Re3 Rd8 31. Qxc5 bxc5 32. Nc3 Rd2 33. Re2 Rd7 34.
Kg3 Kg6 35. Ne4 Rd3+ 36. Kf2 Rd5 37. Nd2 f6 38. Nc4 Rd4 39. b3 Rf4+ 40. Ke3 Kg5
41. g3 Rd4 42. Kf2 Rd5 43. h4+ Kg6 44. exf6 Rf5+ 45. Kg2 Kxf6 46. Ne3 Rh5 47.
Ng4+ Kf5 48. Kf3 Kg6 49. Rxe6+ Kf7 50. Re5 Rxe5 51. Nxe5+ Ke6 52. Ke4 a6 53. a4
Kd6 54. Ng4 g5 55. Nxh6 gxh4 56. gxh4 c4 57. bxc4 Kc5 58. Kd3 Kb4 59. c5 Kxc5
60. Kc3 a5 61. h5 Kd5 62. Ng4 Ke6 63. h6 Kf7 64. Kc4 Kg6 65. Kb5 Kf7 66. Kxa5
Kg8 67. Kb6 Kh7 68. a5 Kg8 69. a6 Kh7 1-0

[Event "Chigorin Memorial"]
[Site "St Petersburg RUS"]
[Date "2012.11.04"]
[Round "9.10"]
[White "Bartel, Mateusz"]
[Black "Grigoryan, Avetik"]
[Result "1-0"]
[WhiteTitle "GM"]
[BlackTitle "GM"]
[WhiteElo "2635"]
[BlackElo "2572"]
[WhiteFideId "1112635"]
[BlackFideId "13302191"]
[EventDate "2012.10.27"]

1. e4 e5 2. Nf3 Nc6 3. Bb5 a6 4. Ba4 Nf6 5. O-O b5 6. Bb3 Bc5 7. d3 d6 8. a3 O-O
9. Bg5 h6 10. Bh4 g5 11. Bg3 Bg4 12. c3 Nh5 13. Bd5 Qe8 14. Re1 Nxg3 15. hxg3
Rd8 16. Nbd2 Ne7 17. Bb3 Kg7 18. Nf1 Bb6 19. d4 f6 20. Ne3 Bc8 21. a4 h5 22.
axb5 axb5 23. Qd3 c6 24. d5 Bxe3 25. Qxe3 c5 26. Ra7 Rd7 27. Ra5 Rb7 28. Rea1
Ng6 29. Bc2 Qe7 30. b4 c4 31. Ra6 Bd7 32. Ra7 Rfb8 33. Rxb7 Rxb7 34. Ra8 Be8 35.
Nd2 Bf7 36. Bd1 Nf8 37. Nf1 Qc7 38. g4 h4 39. g3 hxg3 40. Nxg3 Bg6 41. Nf5+ Bxf5
42. gxf5 Nd7 43. Bh5 Qb6 44. Qh3 Rb8 45. Bg6 Nf8 46. Rxb8 Qxb8 47. Qh5 Qb7 48.
Be8 Kg8 49. Kg2 Kg7 50. Bc6 Qa6 51. Qe8 Qa1 52. Qe7+ Kg8 53. Be8 Qxc3 54. Qf7+ 1-0

[Event "Chigorin Memorial"]
[Site "St Petersburg RUS"]
[Date "2012.11.04"]
[Round "9.11"]
[White "Timofeev, Artyom"]
[Black "Lintchevski, Daniil"]
[Result "1/2-1/2"]
[WhiteTitle "GM"]
[BlackTitle "GM"]
[WhiteElo "2631"]
[BlackElo "2562"]
[WhiteFideId "4140419"]
[BlackFideId "4171055"]
[EventDate "2012.10.27"]

1. d4 d5 2. c4 dxc4 3. Nf3 a6 4. e3 Nf6 5. Bxc4 e6 6. O-O c5 7. b3 b5 8. Bd3 Bb7
9. a4 bxa4 10. Rxa4 cxd4 11. Rxd4 Qb6 12. Bb2 Nc6 13. Rh4 Be7 14. Nbd2 Nb4 15.
Bd4 Qd8 16. Bxf6 gxf6 17. Be4 Nd5 18. Qa1 h5 19. Rd1 Qc7 20. Rc1 Qd8 21. Nf1 Rc8
22. Rxc8 Qxc8 23. Ng3 Rg8 24. Rxh5 f5 25. Rh8 Rxh8 26. Qxh8+ Bf8 27. Bd3 Qc3 28.
Qxc3 Nxc3 29. Nd4 a5 30. Nge2 Nxe2+ 31. Bxe2 Bg7 32. Bc4 Ke7 33. g3 Kd6 34. h4
Kc5 35. Bxe6 fxe6 36. Nxe6+ Kb4 37. Nxg7 Kxb3 38. Ne6 Bd5 39. Nd4+ Kc4 40. h5 a4
41. h6 Bg8 42. Nc2 Kb3 43. Nd4+ Kc4 44. Nc2 Kb3 45. Nd4+ 1/2-1/2

[Event "Chigorin Memorial"]
[Site "St Petersburg RUS"]
[Date "2012.11.04"]
[Round "9.12"]
[White "Popov, Ivan RUS"]
[Black "Jumabayev, Rinat"]
[Result "0-1"]
[WhiteTitle "GM"]
[BlackTitle "GM"]
[WhiteElo "2614"]
[BlackElo "2545"]
[WhiteFideId "4170350"]
[BlackFideId "13702661"]
[EventDate "2012.10.27"]

1. c4 Nf6 2. Nc3 e5 3. Nf3 Nc6 4. g3 Nd4 5. Bg2 Nxf3+ 6. Bxf3 Bc5 7. Na4 Be7 8.
O-O c6 9. d4 e4 10. Bg2 d5 11. cxd5 cxd5 12. Qb3 O-O 13. Bd2 b6 14. Bb4 Re8 15.
Nc3 h5 16. Bxe7 Rxe7 17. f3 e3 18. f4 Ba6 19. Qa3 Bb7 20. Nd1 Qd7 21. Rf3 Rae8
22. Bf1 Re4 23. Qd3 Bc6 24. Nc3 h4 25. Re1 hxg3 26. hxg3 Qg4 27. Bg2 Qh5 28. Qc2
Rxd4 29. Nd1 Rc4 30. Qd3 Ng4 31. Nxe3 Rxe3 32. Rxe3 d4 0-1

[Event "Chigorin Memorial"]
[Site "St Petersburg RUS"]
[Date "2012.11.04"]
[Round "9.13"]
[White "Hovhannisyan, Robert"]
[Black "Raznikov, Danny"]
[Result "1/2-1/2"]
[WhiteTitle "GM"]
[BlackTitle "IM"]
[WhiteElo "2610"]
[BlackElo "2465"]
[WhiteFideId "13302507"]
[BlackFideId "2811154"]
[EventDate "2012.10.27"]

1. c4 c5 2. Nf3 Nc6 3. e3 Nf6 4. Nc3 e6 5. d4 d5 6. cxd5 exd5 7. Bb5 Bd6 8. dxc5
Bxc5 9. O-O O-O 10. b3 Bg4 11. Bb2 Bd6 12. h3 Bh5 13. Be2 Re8 14. Rc1 Rc8 15.
Nh4 Bxe2 16. Nxe2 Ne4 17. Nf3 Qd7 18. Nc3 Nxc3 19. Bxc3 Rcd8 20. Qd3 a6 21. Ng5
g6 22. Nf3 Bf8 23. Rfd1 Qe7 24. Rd2 Rd7 25. Rcd1 Red8 26. Qb1 Bg7 27. Bxg7 Kxg7
28. Nd4 Ne5 29. Ne2 Nc6 30. Qc1 Kg8 31. Qb2 Rd6 32. Qa3 Re6 33. Qc1 Red6 34. Qb2
R6d7 35. Qc1 Rd6 36. Qa3 Re6 37. Qxe7 Nxe7 38. Nd4 Red6 39. Rc2 R6d7 40. g4 h6
41. Rdc1 Kg7 42. Kg2 Kf6 43. h4 Ke5 44. Kf3 Rb8 45. Ke2 Kd6 46. Kd3 Rdd8 47. Rh1
Nc6 48. Nxc6 bxc6 49. Rh3 Rf8 50. Rf3 f5 51. Rf4 a5 52. f3 Rb4 53. Rd2 Rxf4 54.
exf4 c5 55. Rg2 fxg4 56. Rxg4 Rf6 57. f5 Rxf5 58. Rxg6+ Ke5 59. Ke3 Rf6 60. Rg8
d4+ 61. Ke2 Kd5 62. Ra8 Re6+ 63. Kd1 Re3 64. Rxa5 Rxf3 65. b4 Kc4 66. bxc5 Kb4
67. Ra6 Kxc5 68. h5 Rf2 69. a4 Rh2 70. Rxh6 Kc4 71. Kc1 Rh1+ 72. Kd2 Rh2+ 73.
Kc1 d3 74. a5 Rh1+ 75. Kd2 Rh2+ 76. Kd1 Rh1+ 77. Kd2 Rh2+ 78. Kd1 1/2-1/2

[Event "Chigorin Memorial"]
[Site "St Petersburg RUS"]
[Date "2012.11.04"]
[Round "9.15"]
[White "Stupak, Kirill"]
[Black "Almasi, Zoltan"]
[Result "1/2-1/2"]
[WhiteTitle "GM"]
[BlackTitle "GM"]
[WhiteElo "2520"]
[BlackElo "2707"]
[WhiteFideId "13503758"]
[BlackFideId "702293"]
[EventDate "2012.10.27"]

1. d4 Nf6 2. c4 e6 3. g3 d5 4. Nf3 Bb4+ 5. Bd2 Be7 6. Bg2 Nbd7 7. Qc2 c6 8. O-O
O-O 9. Rd1 b6 10. Bf4 Ba6 11. Ne5 Rc8 12. cxd5 cxd5 13. Nc6 Bb5 14. Nxe7+ Qxe7
15. Nc3 a5 16. Rac1 Ba6 17. Qd2 h6 18. Bf3 Qb4 19. h4 Bb7 20. Nb1 Qxd2 21. Nxd2
Rxc1 22. Rxc1 Rc8 23. Rxc8+ Bxc8 24. Kf1 Ne8 25. Ke1 Kf8 26. Nb1 Bb7 27. Nc3 Bc6
28. a4 Ke7 29. b3 Nd6 30. Bc1 b5 31. axb5 Nxb5 32. Nxb5 Bxb5 33. Ba3+ Ke8 34.
Bd6 a4 35. bxa4 Bxa4 36. Bc7 Ke7 37. e3 Bb5 38. Bd1 Nf6 39. f3 Ne8 40. Ba5 f6
41. Bb4+ Kf7 42. g4 g5 43. Kf2 f5 44. f4 gxf4 45. gxf5 1/2-1/2

[Event "Chigorin Memorial"]
[Site "St Petersburg RUS"]
[Date "2012.11.04"]
[Round "9.17"]
[White "Mozharov, Mikhail"]
[Black "Lysyj, Igor"]
[Result "0-1"]
[WhiteTitle "IM"]
[BlackTitle "GM"]
[WhiteElo "2505"]
[BlackElo "2628"]
[WhiteFideId "4189825"]
[BlackFideId "4150120"]
[EventDate "2012.10.27"]

1. c4 Nf6 2. Nc3 e5 3. Nf3 Nc6 4. g3 Bc5 5. d3 d6 6. Bg2 O-O 7. O-O a6 8. a3 Nd4
9. b4 Nxf3+ 10. Bxf3 Bd4 11. Bb2 c6 12. e3 Ba7 13. Bg2 Be6 14. Rc1 Qd7 15. Ne2
Bh3 16. d4 Qf5 17. Qc2 Qh5 18. f3 Rae8 19. Bxh3 Qxh3 20. e4 Nd7 21. Kh1 Re6 22.
c5 Rh6 23. Rf2 f5 24. dxe5 dxe5 25. Rd1 fxe4 26. Ng1 Qe6 27. fxe4 Rhf6 28. Rfd2
R6f7 29. Rd6 Qg4 30. h3 Qxg3 31. R1d3 Qh4 32. Rxd7 Qxe4+ 33. Qg2 Qxg2+ 34. Kxg2
Rf2+ 35. Kg3 Rxb2 36. Re7 Bb8 37. Rdd7 e4+ 38. Kh4 Rg2 39. Ne2 Bf4 0-1

[Event "Chigorin Memorial"]
[Site "St Petersburg RUS"]
[Date "2012.11.04"]
[Round "9.18"]
[White "Swiercz, Dariusz"]
[Black "Baryshpolets, Andrey"]
[Result "1-0"]
[WhiteTitle "GM"]
[BlackTitle "IM"]
[WhiteElo "2609"]
[BlackElo "2510"]
[WhiteFideId "1126881"]
[BlackFideId "14117207"]
[EventDate "2012.10.27"]

1. d4 Nf6 2. c4 g6 3. Nc3 Bg7 4. e4 d6 5. Nf3 O-O 6. Be2 c5 7. O-O Re8 8. h3
cxd4 9. Qxd4 Be6 10. Qe3 Qc8 11. Nd5 Bxd5 12. cxd5 e6 13. Bb5 Nbd7 14. dxe6 Rxe6
15. Ng5 Re7 16. Qd3 h6 17. Qxd6 Re5 18. Bxd7 Nxd7 19. Nf3 Rxe4 20. Be3 Qe8 21.
Rad1 Ne5 22. Nxe5 Rxe5 23. b3 a6 24. Qb6 Rb5 25. Qd6 Re5 26. Rd3 Rc8 27. Rfd1
Re6 28. Qb4 b5 29. Rd7 Kh7 30. Qf4 Rf6 31. Qh4 Re6 32. Qg4 h5 33. Qf3 Re7 34.
Qb7 Rxd7 35. Rxd7 Kg8 36. Rxf7 Rc1+ 37. Bxc1 Qxf7 38. Qxa6 Qf5 39. Be3 h4 40.
Qa8+ Kh7 41. Qb7 Qe5 42. Qf7 b4 43. Qc4 Qa1+ 44. Kh2 Be5+ 45. Bf4 Bd4 46. Qf7+
Bg7 47. Qe7 Qd4 48. Qxh4+ Kg8 49. Bg3 1-0

[Event "Chigorin Memorial"]
[Site "St Petersburg RUS"]
[Date "2012.11.04"]
[Round "9.20"]
[White "Vorobiov, Evgeny E."]
[Black "Ajrapetjan, Yuriy"]
[Result "0-1"]
[WhiteTitle "GM"]
[BlackTitle "GM"]
[WhiteElo "2598"]
[BlackElo "2502"]
[WhiteFideId "4121341"]
[BlackFideId "14109069"]
[EventDate "2012.10.27"]

1. d4 Nf6 2. c4 e6 3. Nf3 c5 4. d5 b5 5. Bg5 exd5 6. cxd5 h6 7. Bxf6 Qxf6 8. Qc2
g5 9. Nc3 Bg7 10. Nxb5 Na6 11. e4 O-O 12. a3 Rb8 13. Rb1 Qb6 14. Bc4 Qa5+ 15.
Nd2 Rxb5 16. Bxb5 Qxb5 17. Nc4 Nc7 18. O-O Ba6 19. b3 Qb8 20. Rfc1 Nb5 21. b4
Nc3 22. bxc5 Qf4 23. g3 Qf3 24. Rb3 Bxc4 25. Rxc3 Bxc3 26. Qxc3 Bd3 27. e5 Be4
28. Qxf3 Bxf3 29. c6 dxc6 30. dxc6 Rc8 31. c7 Kf8 32. Rc3 g4 33. h3 h5 0-1

[Event "Chigorin Memorial"]
[Site "St Petersburg RUS"]
[Date "2012.11.04"]
[Round "9.21"]
[White "Gabrielian, Artur"]
[Black "Neverov, Valeriy"]
[Result "1-0"]
[WhiteTitle "GM"]
[BlackTitle "GM"]
[WhiteElo "2592"]
[BlackElo "2494"]
[WhiteFideId "4131002"]
[BlackFideId "14100150"]
[EventDate "2012.10.27"]

1. e4 c5 2. Nf3 d6 3. d4 cxd4 4. Nxd4 Nf6 5. Nc3 a6 6. Be3 e5 7. Nb3 Be6 8. f3
h5 9. Qd2 Nbd7 10. O-O-O Qc7 11. Kb1 Be7 12. Bd3 b5 13. a3 Rb8 14. h3 Nb6 15.
Bxb6 Qxb6 16. Nd5 Bxd5 17. exd5 O-O 18. g4 Nxd5 19. Bh7+ Kxh7 20. Qxd5 Rbc8 21.
Nd2 Qc6 22. Qd3+ Kg8 23. Rhe1 h4 24. f4 Rfd8 25. g5 Bf8 26. g6 fxg6 27. Rg1 exf4
28. Rxg6 Re8 29. Qb3+ Kh7 30. Rg4 d5 31. Rxh4+ Kg8 32. Qd3 g6 33. Rg4 Re6 34.
Rdg1 Kg7 35. Nf3 Bc5 36. Ne5 Qd6 37. Rxg6+ 1-0

[Event "Chigorin Memorial"]
[Site "St Petersburg RUS"]
[Date "2012.11.04"]
[Round "9.22"]
[White "Ipatov, Alexander"]
[Black "Stukopin, Andrey"]
[Result "0-1"]
[WhiteTitle "GM"]
[BlackTitle "IM"]
[WhiteElo "2591"]
[BlackElo "2494"]
[WhiteFideId "14116731"]
[BlackFideId "24107131"]
[EventDate "2012.10.27"]

1. c4 e5 2. Nc3 Nf6 3. Nf3 Nc6 4. d4 exd4 5. Nxd4 Bb4 6. Bg5 h6 7. Bh4 O-O 8.
Rc1 Re8 9. e3 g5 10. Bg3 Nxd4 11. Qxd4 Ne4 12. Be2 Qe7 13. Bf3 d6 14. a3 Bxc3+
15. Rxc3 Nxc3 16. Qxc3 Qf8 17. h4 g4 18. Be2 Qg7 19. Qc2 b6 20. O-O a5 21. a4
Bb7 22. Rd1 Be4 23. Qb3 Re6 24. Qb5 Re7 25. Rd4 Rae8 26. Bf4 Qg6 27. Kh2 h5 28.
Kg1 Qf5 29. Qxf5 Bxf5 30. Rd5 Bg6 31. Kf1 Re6 32. Ke1 Rf6 33. Kd2 Rf5 34. Rd4
Rc5 35. f3 gxf3 36. Bxf3 f6 37. b3 Re7 38. Kc3 Be8 39. g3 Bc6 40. Be2 Be4 41.
Kb2 Kg7 42. Rd2 Kg6 43. g4 hxg4 44. Bxg4 Kh7 45. h5 Rg7 46. Bd1 Rg2 47. Rxg2
Bxg2 48. Kc3 Bc6 49. Bc2+ Kh8 50. Bd1 Be8 51. h6 Bh5 52. Bc2 Bf7 53. Bd1 Kh7 54.
Kd4 Rg5 55. Bxg5 fxg5 56. e4 c5+ 57. Ke3 Bg6 0-1

[Event "Chigorin Memorial"]
[Site "St Petersburg RUS"]
[Date "2012.11.04"]
[Round "9.24"]
[White "Eliseev, Urii"]
[Black "Durarbayli, Vasif"]
[Result "1/2-1/2"]
[WhiteTitle "IM"]
[BlackTitle "GM"]
[WhiteElo "2486"]
[BlackElo "2584"]
[WhiteFideId "24131920"]
[BlackFideId "13402935"]
[EventDate "2012.10.27"]

1. e4 c5 2. Nf3 d6 3. d4 cxd4 4. Nxd4 Nf6 5. Nc3 Nc6 6. Bg5 e6 7. Qd2 Be7 8.
O-O-O a6 9. f3 Nxd4 10. Qxd4 O-O 11. h4 b5 12. Qd2 Bb7 13. Ne2 Rc8 14. Nd4 Qc7
15. Bd3 Rfe8 16. h5 Qd8 17. g4 Nd7 18. Bxe7 Qxe7 19. g5 d5 20. g6 fxg6 21. hxg6
h6 22. Rde1 Qf6 23. Qe3 Ne5 24. exd5 Nxd3+ 25. Qxd3 Bxd5 26. Rh5 Rcd8 27. Rhe5
Qf4+ 28. Qe3 Qxe3+ 29. R1xe3 Bxa2 30. Nxe6 Bxe6 31. Rxe6 Kf8 32. b4 Rxe6 33.
Rxe6 Rd4 34. c3 Rd3 35. Kc2 Rxf3 36. Rxa6 Rg3 37. Rb6 Rg5 38. Kd3 h5 39. Kd4 h4
40. Rb8+ Ke7 41. Rh8 Rg4+ 42. Kc5 Rg5+ 43. Kd4 Rg4+ 44. Kc5 1/2-1/2

[Event "Chigorin Memorial"]
[Site "St Petersburg RUS"]
[Date "2012.11.04"]
[Round "9.25"]
[White "Popilski, Gil"]
[Black "Halkias, Stelios"]
[Result "1/2-1/2"]
[WhiteTitle "IM"]
[BlackTitle "GM"]
[WhiteElo "2475"]
[BlackElo "2581"]
[WhiteFideId "2809060"]
[BlackFideId "4201809"]
[EventDate "2012.10.27"]

1. e4 e5 2. Nf3 Nc6 3. Bb5 a6 4. Ba4 Nf6 5. O-O Be7 6. Re1 b5 7. Bb3 O-O 8. d4
d6 9. c3 Bg4 10. Be3 Bh5 11. Nbd2 Na5 12. Bc2 Ng4 13. Nf1 Nxe3 14. Nxe3 Bg5 15.
b3 exd4 16. cxd4 Nc6 17. g4 Bxe3 18. gxh5 Bf4 19. e5 dxe5 20. Be4 Qd7 21. dxe5
Qg4+ 22. Kh1 Rad8 23. Qe2 Nxe5 24. Nxe5 Qxe2 25. Rxe2 Bxe5 26. Bxh7+ Kxh7 27.
Rxe5 Rd2 28. Rf5 Rc2 29. a4 c6 30. axb5 axb5 31. Ra7 Kh6 32. Rc7 f6 33. Re7 Rd8
34. Kg2 Rd3 35. Re8 Kh7 36. Re7 Kh6 37. Re8 Kh7 38. Re7 Kh6 39. Re8 Kh7 40. Re7
Kh6 1/2-1/2

[Event "Chigorin Memorial"]
[Site "St Petersburg RUS"]
[Date "2012.11.04"]
[Round "9.27"]
[White "Zenzera, Alexey"]
[Black "Shomoev, Anton"]
[Result "0-1"]
[BlackTitle "GM"]
[WhiteElo "2361"]
[BlackElo "2571"]
[WhiteFideId "4102665"]
[BlackFideId "4135148"]
[EventDate "2012.10.27"]

1. d4 g6 2. c4 Bg7 3. e4 c5 4. d5 d6 5. Nf3 e6 6. h3 Ne7 7. Bd3 O-O 8. O-O h6 9.
Nc3 Nd7 10. Rb1 a6 11. a3 g5 12. Qc2 exd5 13. exd5 f5 14. Nh2 f4 15. b4 cxb4 16.
axb4 Ne5 17. Be2 Bf5 18. Ne4 Rc8 19. Bb2 Nxc4 20. Bxc4 Bxb2 21. Qe2 Bg7 22. Bd3
Ng6 23. Nc5 f3 24. Qe3 fxg2 25. Rfc1 Bxd3 26. Ne6 Qf6 27. Rxc8 Rxc8 28. Qxd3 Rc3
29. Qe4 Nh4 30. f4 Rxh3 31. Nxg7 Kxg7 32. Rc1 Nf3+ 33. Kxg2 Qb2+ 34. Rc2 Qxc2+ 0-1

[Event "Chigorin Memorial"]
[Site "St Petersburg RUS"]
[Date "2012.11.04"]
[Round "9.29"]
[White "Malakhatko, Vadim"]
[Black "Monin, Nikolay"]
[Result "1-0"]
[WhiteTitle "GM"]
[BlackTitle "IM"]
[WhiteElo "2558"]
[BlackElo "2325"]
[WhiteFideId "14104202"]
[BlackFideId "4104013"]
[EventDate "2012.10.27"]

1. d4 d5 2. c4 e6 3. Nf3 Nf6 4. g3 dxc4 5. Bg2 c5 6. O-O Nc6 7. dxc5 Bxc5 8. Qa4
O-O 9. Qxc4 Qd5 10. Qh4 Qe4 11. Qxe4 Nxe4 12. Ne1 Nf6 13. Nd3 Be7 14. Nc3 Nb4
15. Nxb4 Bxb4 16. Be3 Ng4 17. Bf4 e5 18. Bd2 Rd8 19. Rfd1 Bf5 20. Be1 Rxd1 21.
Rxd1 Rb8 22. Rd5 Be6 23. Rb5 Bxc3 24. Bxc3 f6 25. Bxb7 Nh6 26. a4 Nf7 27. Bc6
Rc8 28. Bd5 Bxd5 29. Rxd5 Rc7 30. Bd2 Kf8 31. b4 Ke7 32. Be3 Nd8 33. Rc5 Rd7 34.
Rc4 Ne6 35. b5 Nd4 36. Bxd4 exd4 37. Kf1 Ke6 38. Ke1 Kd5 39. Rc6 Re7 40. Kd2 Rd7
41. Kd3 1-0

[Event "Chigorin Memorial"]
[Site "St Petersburg RUS"]
[Date "2012.11.04"]
[Round "9.30"]
[White "Belyakov, Bogdan"]
[Black "Onischuk, Vladimir"]
[Result "0-1"]
[WhiteTitle "FM"]
[BlackTitle "GM"]
[WhiteElo "2388"]
[BlackElo "2558"]
[WhiteFideId "24104795"]
[BlackFideId "14114038"]
[EventDate "2012.10.27"]

1. e4 d6 2. d4 Nf6 3. Nc3 g6 4. Bg5 Bg7 5. Qe2 h6 6. Bh4 Nc6 7. O-O-O Nd7 8. Qe3
Bxd4 9. Rxd4 Nxd4 10. Nd5 g5 11. Qxd4 e5 12. Qc3 c6 13. Bg3 cxd5 14. exd5 Nf6
15. Nf3 O-O 16. Bc4 Bf5 17. h4 g4 18. Nd2 Rc8 19. Qe3 Ne4 20. Nxe4 Rxc4 21. f3
Bxe4 22. fxe4 Qf6 23. b3 Rc7 24. Be1 Rfc8 25. c3 h5 26. Kb2 Qf4 27. Qd3 f5 28.
exf5 e4 29. Qd4 Rf7 30. f6 Re8 31. c4 Qxf6 32. Qxf6 Rxf6 33. Kc2 e3 34. Kd1 Rf1
35. Rh2 Rf2 36. Bxf2 exf2 37. Rh1 g3 38. Kd2 Re4 39. Rf1 Kf7 40. b4 b6 41. a4
Kf6 42. a5 Ke5 43. a6 Rxh4 44. b5 Rxc4 45. Ke3 h4 0-1